[Event "AUTO-OPEN-31"]
[Site "http://www.queenalice.com/game.php?id=2842"]
[Date "2004.12.15"]
[Round "1"]
[White "butchbristol54"]
[Black "Svabbo"]
[Result "1-0"]
[WhiteElo "1448"]
[BlackElo "2016"]

1. e4 e5 2. Qh5 Nc6 3. Bc4 Qf6 4. d3 Nd4 5. Bb3 Bc5 6. Nf3 Nxf3+ 7. Qxf3 Qxf3 8.
gxf3 d6 9. Be3 Ne7 10. Bxc5 dxc5 11. Nd2 O-O 12. a3 Be6 13. O-O-O Nc6 14. Bxe6
fxe6 15. c3 Rad8 16. Kc2 a6 17. h4 Rf7 18. Rh3 Rfd7 19. Nf1 c4 20. f4 exf4 21.
Rf3 Ne5 22. Rxf4 Nxd3 23. Rxd3 cxd3+ 24. Kd2 e5 25. Rf5 Rf7 26. Ne3 Rxf5 27.
Nxf5 h5 28. b4 Kf7 29. a4 Kf6 30. f3 g5 31. a5 gxh4 32. Nxh4 1-0

[Event "AUTO-ADV-12"]
[Site "http://www.queenalice.com/game.php?id=3568"]
[Date "2005.1.8"]
[Round "1"]
[White "dnptrs"]
[Black "Svabbo"]
[Result "0-1"]
[WhiteElo "1835"]
[BlackElo "2003"]

1. d4 Nf6 2. Nf3 g6 3. e3 Bg7 4. Be2 O-O 5. O-O d6 6. c4 Nbd7 7. Nc3 e5 8. Qc2
Re8 9. dxe5 dxe5 10. e4 c6 11. Bg5 Qc7 12. Rac1 Nf8 13. Bh4 Ne6 14. Rfd1 Nf4 15.
Bf1 Bg4 16. Ne2 h6 17. Ne1 g5 18. Bg3 N6h5 19. f3 Nxg3 20. hxg3 Nxe2+ 21. Bxe2
Be6 22. Nd3 Red8 23. b3 Bf8 24. a4 Rd4 25. c5 f6 26. Kh2 Qf7 27. Rb1 g4 28. fxg4
Qe7 29. b4 a5 30. Bf3 axb4 31. Nxb4 Rc4 32. Qb2 Ra7 33. Nd3 Rcxa4 34. Rdc1 Ra2
35. Qb4 Qg7 36. Rb2 R2a3 37. Rc3 R3a4 38. Qb6 R4a6 39. Qb4 b5 0-1

[Event "AUTO-ADV-12"]
[Site "http://www.queenalice.com/game.php?id=3569"]
[Date "2005.1.8"]
[Round "1"]
[White "Svabbo"]
[Black "dnptrs"]
[Result "1-0"]
[WhiteElo "1991"]
[BlackElo "1844"]

1. e4 c5 2. Nf3 e6 3. d4 cxd4 4. Nxd4 Nf6 5. Nc3 Nc6 6. Ndb5 d6 7. Bf4 e5 8. Bg5
a6 9. Na3 b5 10. Nd5 Rb8 11. c4 b4 12. Nc2 a5 13. c5 dxc5 14. Nxf6+ gxf6 15.
Qxd8+ Nxd8 16. Bxf6 Rg8 17. Bxe5 Ra8 18. Ne3 Be6 19. Bb5+ Ke7 20. O-O f6 21. Bf4
Kf7 22. Nd5 Bxd5 23. exd5 Nb7 24. Bc6 Ra7 25. Bb8 Ra8 26. Bg3 Ra7 27. d6 Rg7 28.
Rad1 Nd8 29. Be4 Kg8 30. Rfe1 Rgd7 31. Bf5 1-0

[Event "Challenge"]
[Site "http://www.queenalice.com/game.php?id=3936"]
[Date "2005.1.18"]
[Round "-"]
[White "JimMorrisson"]
[Black "Svabbo"]
[Result "0-1"]
[WhiteElo "1968"]
[BlackElo "2026"]

1. e4 e5 2. Nf3 Nc6 3. Bb5 a6 4. Ba4 Nf6 5. O-O b5 6. Bb3 Be7 7. Re1 O-O 8. c3
d6 9. h3 Bb7 10. d4 Re8 11. Nbd2 Bf8 12. Bc2 g6 13. d5 Nb8 14. b3 c6 15. c4 Nbd7
16. Bb2 Bh6 17. b4 cxd5 18. cxd5 Nb6 19. a4 Nxa4 20. Bxa4 bxa4 21. Qxa4 Rc8 22.
Rec1 Qd7 23. Qa5 Nh5 24. Rc4 Nf4 25. Kf1 f5 26. Rac1 Rxc4 27. Rxc4 Re7 28. h4
fxe4 29. Nxe4 Rf7 30. Rc2 Nxg2 31. Rc3 Qh3 32. Ke2 Nf4+ 33. Kd1 Nxd5 34. Nfg5
Nxc3+ 35. Nxc3 Bxg5 36. hxg5 Rxf2 37. Qd8+ Kf7 38. Kc1 Qf1+ 39. Nd1 Qc4+ 40. Nc3
Bd5 41. Qd7+ Kg8 42. Qd8+ Rf8 43. Qxd6 Rf1+ 44. Kd2 Qf4+ 45. Kc2 Qh2+ 0-1

[Event "AUTO-ADV-08"]
[Site "http://www.queenalice.com/game.php?id=4021"]
[Date "2005.1.19"]
[Round "2"]
[White "Svabbo"]
[Black "gamelover"]
[Result "0-1"]
[WhiteElo "2040"]
[BlackElo "1832"]

1. e4 c5 2. Nf3 d6 3. d4 cxd4 4. Nxd4 Nf6 5. Nc3 g6 6. Be3 Bg7 7. f3 O-O 8. Qd2
Nc6 9. O-O-O Bd7 10. g4 Rc8 11. h4 Ne5 12. h5 Qa5 13. Kb1 Nxf3 14. Nxf3 Rxc3 15.
Qxc3 Qxc3 16. bxc3 Bxg4 17. h6 Bxf3 18. hxg7 Rc8 19. Bd3 Bxd1 20. Rxd1 b6 21.
Ba6 Rxc3 22. Bd4 Nxe4 23. Re1 Ra3 24. Rxe4 e5 25. Bc4 Ra4 26. Bxe5 Rxc4 27. Rxc4
dxe5 28. Ra4 Kxg7 29. Rxa7 h5 30. Rb7 h4 31. Rxb6 g5 0-1

[Event "AUTO-ADV-08"]
[Site "http://www.queenalice.com/game.php?id=4022"]
[Date "2005.1.19"]
[Round "2"]
[White "gamelover"]
[Black "Svabbo"]
[Result "0-1"]
[WhiteElo "1821"]
[BlackElo "2013"]

1. d4 Nf6 2. c4 e6 3. Nc3 Bb4 4. Nf3 b6 5. Bg5 Bb7 6. Nd2 h6 7. Bh4 c5 8. a3
Bxc3 9. bxc3 d6 10. f3 Nc6 11. d5 Ne5 12. e4 O-O 13. Qa4 Qe7 14. Be2 Ng6 15. Bf2
exd5 16. cxd5 Nf4 17. Bf1 N4xd5 18. Qc2 Nf4 19. g3 Ng6 20. O-O-O d5 21. exd5
Nxd5 22. Bd3 Ne5 23. Be4 c4 24. Nb1 Nf6 25. Bxb7 Qxb7 26. Bd4 Nd3+ 0-1

[Event "AUTO-ADV-08"]
[Site "http://www.queenalice.com/game.php?id=4023"]
[Date "2005.1.19"]
[Round "2"]
[White "Svabbo"]
[Black "catalan"]
[Result "1-0"]
[WhiteElo "2022"]
[BlackElo "1553"]

1. e4 e5 2. Nf3 Nc6 3. Bc4 Nf6 4. Ng5 d5 5. exd5 Nxd5 6. Qh5 g6 7. Qf3 Qxg5 8.
Bxd5 Nd8 9. O-O Bd6 10. d3 Qf5 11. Qxf5 Bxf5 12. Bg5 c6 13. Bf6 Rg8 14. Bb3 Ne6
15. Nd2 g5 16. Rfe1 Kd7 17. Nc4 Kc7 18. Nxd6 Kxd6 19. Rxe5 Nd8 20. Rxf5 Ne6 21.
Re1 Rge8 22. Be5+ Kd7 23. Rxf7+ 1-0

[Event "AUTO-ADV-08"]
[Site "http://www.queenalice.com/game.php?id=4024"]
[Date "2005.1.19"]
[Round "2"]
[White "catalan"]
[Black "Svabbo"]
[Result "0-1"]
[WhiteElo "1553"]
[BlackElo "2022"]

1. e4 e5 2. Nf3 Nc6 3. Bb5 a6 4. Bxc6 dxc6 5. Nc3 f6 6. d3 Bg4 7. h3 Bh5 8. g4
Bf7 9. Be3 Qd7 10. Qd2 Bd6 11. O-O-O Ne7 12. g5 Bh5 13. Qe2 Qe6 14. Rdg1 O-O-O
15. Rg3 f5 16. Qd2 f4 17. Bxf4 exf4 18. Nd4 Qf7 19. Rgg1 f3 20. Nf5 Nxf5 21.
exf5 Qxf5 22. Kb1 Bf4 0-1

[Event "AUTO-OPEN-30"]
[Site "http://www.queenalice.com/game.php?id=4309"]
[Date "2005.1.28"]
[Round "2"]
[White "Svabbo"]
[Black "MisterTibs"]
[Result "0-1"]
[WhiteElo "2016"]
[BlackElo "1475"]

1. e4 e6 2. d4 d5 3. Nc3 dxe4 4. Nxe4 Be7 5. Nf3 Nf6 6. Bd3 O-O 7. O-O h6 8. Qe2
Nc6 9. Nxf6+ Bxf6 10. Qe4 g6 11. Bxh6 Bg7 12. Bxg7 Kxg7 13. c3 Bd7 14. b4 a6 0-1